000 00453nam a2200157Ia 4500
008 190805s9999||||xx |||||||||||||| ||und||
020 _a9789382616597
_cRs. 399.00
082 0 4 _a813.5
_bM6948
100 1 _aMitchell, Margaret
245 1 0 _aGone With the Wind /
_cMargaret Mitchell
260 _aNew Delhi :
_bMacMillan Publishers India Ltd.,
_c2015
300 _a1198 p.
_b :
_c; 22 cm.
650 0 _aFiction
942 _cBK
999 _c406
_d406